| 000 | 00748nac a22001811u 4500 | ||
|---|---|---|---|
| 008 | 101004s2006 xxu||||| |||| 00| 0 ara d | ||
| 020 | _a9953476500 | ||
| 082 |
_a237.3 _bق ص ي |
||
| 100 | 1 |
_aالقصيمي، عبدالله _916398 |
|
| 245 |
_aمشكلات الأحاديث النبوية / _cعبد الله القصيمي |
||
| 250 | _aط 2 | ||
| 260 |
_aبيروت : _bالانتشار العربي ،2006 _c2006. |
||
| 300 |
_a176 ص ؛ _c24 سم. |
||
| 511 | _aCatalogued by: Sara | ||
| 650 |
_aالحديث _914743 _xشرح |
||
| 942 |
_cBB _k237.3 ق ص ي _2ddc |
||
| 999 |
_c7293 _d7293 |
||